Laddar...
Growing up digital the rise of the net generation
| Huvudupphovsman: | |
|---|---|
| Materialtyp: | Printed Book |
| Språk: | English |
| Publicerad: |
New York
McGraw Hill
1998
|
| Ämnen: |
| LEADER | 00543nam a22001697a 4500 | ||
|---|---|---|---|
| 005 | 20151215125020.0 | ||
| 008 | 091015t xxu||||| |||| 00| 0 eng d | ||
| 082 | |a 004.678 |b TAP | ||
| 100 | |a Tapscott, Don |9 4004 | ||
| 245 | |a Growing up digital |b the rise of the net generation | ||
| 300 | |a 336p. | ||
| 653 | |a Digital age | ||
| 942 | |c BK |6 _ | ||
| 260 | |a New York |b McGraw Hill |c 1998 | ||
| 020 | |a 0071347984 | ||
| 999 | |c 95924 |d 95924 | ||
| 952 | |0 0 |1 0 |2 ddc |4 0 |6 004678_TAP |7 0 |9 120923 |a SMS |b SMS |c GEN |d 2009-10-15 |o 004.678 TAP |p SMS021609 |r 2009-10-15 |w 2009-10-15 |y BK | ||